| 000 | 00416nam a2200181Ia 4500 | ||
|---|---|---|---|
| 005 | 20250423095942.0 | ||
| 008 | 250422s9999 xx 000 0 und d | ||
| 020 | _a0-15-316736-X | ||
| 050 | _aPE 1111 .L36/ | ||
| 245 | 0 | _aLanguage for daily use | |
| 250 | _avoyager ed. | ||
| 260 | _aFlorida | ||
| 260 | _bHarcourt Brace Jovanovich | ||
| 260 | _c1986 | ||
| 300 | _a462 p | ||
| 650 | _aEnglish | ||
| 942 | _cBK | ||
| 999 |
_c31837 _d31837 |
||